000 01166nam a2200337 c 4500
003 BLK
005 20180422115032.0
008 180411b bul|||||r ||||||| ||bul||
010 _aKNG00188563000
020 _a978-954-737-711-0
_bиздат.: Аб
040 _aBLK
041 _aBUL
_cBUL
072 7 _2bullib
_aН8400
_xБългарска поезия Н
080 _aБългарска литература
_b821.163.2
_x-1
_z821.163.2-1
100 1 _aКостадинова, Жени
_eпърви автор
_gЦветанова, Жени Костадинова
_9372246
139 _aКостадинова, Жени
_bК 86
245 1 0 _a[Седемнадесет] 17 цвята любов
_cЖени Костадинова.
250 _a2. изд.
257 _aBGR
260 София
_bАб
_c2008
300 _a103 с.
_c15 см
380 _aX
500 _a1. изд. 2007.
653 _aстихотворения
659 _aН
852 _aЦб І 36812
856 4 _qpdf
_u
856 4 _qpdf
_u
942 _cKNG
_n0
944 _aCR
_c20.06.2016
_lф /
_kВиолета_Тройчева
944 _aED
_c18.10.2016
_lф /
_kЛюдмила_Стоянова
999 _c179758
_d179758